000 00670nam a2200193Ia 4500
003 GCL
008 140319s9999 xx 000 0 ara d
040 _aGCL /
_cGCL
082 0 4 _a910.02
_bع م
100 1 _aعبدالعزيز طريح شرف
245 1 0 _aالمقدمات فى الجغرافيا الطبيعية /
_cعبدالعزيز طريح شرف
250 _aالاولى
260 _aالقاهرة :
_bدار الجامعات المصرية ،
_c1995
300 _a296 ص ؛
_c24سم
650 0 4 _aالجغرافيا الطبيعية
650 0 4 _aالجغرافيا الفلكية
650 0 4 _aالجغرافيا الحيوية
942 _2ddc
_cBK
999 _c54512
_d54512